[Event "XVII Open A"]
[Site "Crema ITA"]
[Date "2016.09.04"]
[Round "5"]
[White "Bossi, Alessandro"]
[Black "Asperti, Giovanni"]
[WhiteElo "2014"]
[BlackElo "1896"]
[Result "1-0"]
[PlyCount "71"]
[EventDate "2016.09.02"]

1. Nf3 Nf6 2. c4 g6 3. b3 Bg7 4. Bb2 O-O 5. g3 c6 6. Bg2 d5 7. O-O Bf5 8. d3
Re8 9. h3 a6 10. Qc2 g5 11. Ne5 Nbd7 12. Nd2 Nxe5 13. Bxe5 Qd7 14. g4 Bg6 15.
Qb2 h5 16. cxd5 cxd5 17. Nf3 hxg4 18. Nxg5 Rec8 19. Rfe1 Qf5 20. f4 Nh5 21.
Bxg7 Nxg7 22. Rf1 Qf6 23. Qe5 Qxe5 24. fxe5 gxh3 25. Nxh3 e6 26. Nf4 Rc2 27.
Bh3 Bf5 28. Bxf5 Nxf5 29. Kf2 Kf8 30. Rh1 Rac8 31. Rh5 Rc1 32. Rxc1 Rxc1 33.
Rh8+ Ke7 34. Rb8 Rc7 35. Nh5 Nd4 36. Nf6 1-0

[Event "XVII Open A"]
[Site "Crema ITA"]
[Date "2016.09.04"]
[Round "5"]
[White "Botta, Massimiliano"]
[Black "Nicolodi, Raoul"]
[WhiteElo "2065"]
[BlackElo "2030"]
[Result "1-0"]
[PlyCount "65"]
[EventDate "2016.09.02"]

1. e4 e6 2. d4 d5 3. exd5 exd5 4. Nf3 Nc6 5. c4 Nf6 6. Nc3 Be7 7. cxd5 Nxd5 8.
Bc4 Be6 9. Qb3 Na5 10. Qa4+ c6 11. Bd3 b5 12. Qd1 Nxc3 13. bxc3 Nc4 14. O-O O-O
15. Re1 Re8 16. Bf4 h6 17. Ne5 Nxe5 18. Bxe5 Bd6 19. Qh5 Bd5 20. f4 Bxe5 21.
fxe5 Qg5 22. Qxg5 hxg5 23. Rf1 g6 24. a3 Rab8 25. Kf2 Kg7 26. Kg3 Rh8 27. Rf6
Rhe8 28. Raf1 Rb7 29. R1f2 Rb6 30. Kg4 Be6+ 31. Kxg5 Ra6 32. R2f4 Rh8 33. Bxg6
1-0

[Event "XVII Open A"]
[Site "Crema ITA"]
[Date "2016.09.04"]
[Round "5"]
[White "Castrogiovanni, Carlo"]
[Black "Tahiraj, Almir"]
[WhiteElo "1947"]
[BlackElo "1906"]
[Result "1-0"]
[PlyCount "47"]
[EventDate "2016.09.02"]

1. d4 f5 2. c4 Nf6 3. Nc3 e6 4. a3 d5 5. cxd5 exd5 6. Bg5 c6 7. e3 Be7 8. Bd3
O-O 9. Nge2 Ne4 10. Bf4 Bd6 11. Qb3 Kh8 12. Qc2 Qe7 13. Bxd6 Qxd6 14. f3 Ng5
15. O-O Qe7 16. e4 fxe4 17. fxe4 dxe4 18. Nxe4 Nxe4 19. Bxe4 h6 20. Nf4 Rxf4
21. Rxf4 Be6 22. Re1 Bg8 23. Qf2 Qd6 24. Rf8 1-0

[Event "XVII Open A"]
[Site "Crema ITA"]
[Date "2016.09.04"]
[Round "5"]
[White "Corti, Massimo"]
[Black "Pirrello, Christian"]
[WhiteElo "1931"]
[BlackElo "1936"]
[Result "0-1"]
[PlyCount "38"]
[EventDate "2016.09.02"]

1. Nf3 d5 2. c4 e6 3. e3 Nf6 4. b3 c5 5. Bb2 Nc6 6. Be2 d4 7. d3 Be7 8. O-O O-O
9. e4 Ne8 10. Nbd2 f5 11. exf5 exf5 12. Re1 b6 13. Bf1 Bd6 14. Bc1 Nf6 15. Nb1
Bb7 16. Na3 a6 17. Nc2 Ng4 18. Rb1 Qc7 19. h3 Bh2+ 0-1

[Event "XVII Open A"]
[Site "Crema ITA"]
[Date "2016.09.04"]
[Round "5"]
[White "Distratis, Gianluca"]
[Black "Capitelli, Paolo"]
[WhiteElo "1903"]
[BlackElo "2080"]
[Result "0-1"]
[PlyCount "48"]
[EventDate "2016.09.02"]

1. e4 c5 2. c3 d5 3. exd5 Qxd5 4. d4 e6 5. Nf3 Nf6 6. Be2 Be7 7. O-O O-O 8. Be3
cxd4 9. cxd4 Nc6 10. Nc3 Qd6 11. Qb3 b6 12. Rfd1 Bb7 13. Rac1 Rac8 14. a3 Qb8
15. d5 Na5 16. Qb5 Nxd5 17. Nxd5 Bxd5 18. b4 Nb7 19. Qd7 Bf6 20. Ba6 Bc6 21.
Rxc6 Rcd8 22. Bxb7 Qxb7 23. Ne5 Rxd7 24. Rxd7 Qa8 0-1

[Event "XVII Open A"]
[Site "Crema ITA"]
[Date "2016.09.04"]
[Round "5"]
[White "Ficco, Corrado"]
[Black "Guanciale, Orazio"]
[WhiteElo "2041"]
[BlackElo "2153"]
[Result "1/2-1/2"]
[PlyCount "99"]
[EventDate "2016.09.02"]

1. Nf3 d6 2. d4 g6 3. e4 Nf6 4. Bd3 Bg7 5. O-O Nc6 6. c3 Bg4 7. h3 Bxf3 8. Qxf3
e5 9. d5 Ne7 10. Bg5 Nd7 11. c4 O-O 12. Nc3 h6 13. Bxe7 Qxe7 14. Qe2 Nf6 15.
Kh2 h5 16. g3 h4 17. Rae1 Nh5 18. Qg4 Bh6 19. Re2 Kh7 20. Nd1 Qg5 21. Ne3 Rae8
22. Qxg5 Bxg5 23. Ng2 f5 24. exf5 gxf5 25. g4 Ng7 26. gxf5 Nh5 27. Re4 Kh6 28.
Ree1 Rh8 29. Be2 Bf4+ 30. Kh1 Kg5 31. Bxh5 Rxh5 32. Ne3 Kf6 33. Rg1 Bxe3 34.
fxe3 Rxf5 35. Ref1 Rh8 36. Rxf5+ Kxf5 37. Rg4 Rh5 38. e4+ Kf6 39. Kg2 Kf7 40.
Kf3 Rh6 41. Ke3 b6 42. b4 a5 43. bxa5 bxa5 44. Kd3 Rf6 45. Rxh4 Rf3+ 46. Kc2
Kg7 47. Rg4+ Kh7 48. Rh4+ Kg7 49. Rg4+ Kh7 50. Rh4+ 1/2-1/2

[Event "XVII Open A"]
[Site "Crema ITA"]
[Date "2016.09.04"]
[Round "5"]
[White "Malfagia, Andrea"]
[Black "Rifai, Abdulkader"]
[WhiteElo "2159"]
[BlackElo "2205"]
[Result "1-0"]
[PlyCount "116"]
[EventDate "2016.09.02"]

1. d4 d5 2. Nf3 Nf6 3. c4 c6 4. Nc3 Bf5 5. e3 e6 6. Nh4 Bg4 7. Qb3 Qb6 8. h3
Bh5 9. g4 Bg6 10. Nxg6 hxg6 11. Bg2 Na6 12. Bd2 Be7 13. O-O-O O-O 14. Kb1 Qxb3
15. axb3 Nb4 16. g5 Nd7 17. e4 dxc4 18. bxc4 Nb6 19. b3 a5 20. Be3 f5 21. d5
Nc8 22. exf5 exd5 23. cxd5 gxf5 24. dxc6 bxc6 25. Bf4 Bc5 26. Rd2 Ne7 27. Rhd1
Ng6 28. Bd6 Bxd6 29. Rxd6 Nf4 30. Bf1 Rab8 31. Bc4+ Nfd5 32. Nxd5 cxd5 33.
R1xd5 Nxd5 34. Rxd5 Kh8 35. Rxa5 Rbe8 36. Bd3 f4 37. g6 Rf6 38. Rh5+ Kg8 39.
Bc4+ Kf8 40. Bf7 Re1+ 41. Kc2 Re2+ 42. Kd3 Rxf2 43. Rh8+ Ke7 44. Re8+ Kd7 45.
Rg8 Rf3+ 46. Kd4 Rxh3 47. Rxg7 Rg3 48. Ke5 Rb6 49. Kxf4 Rg1 50. Bc4+ Ke8 51.
Kf5 Kf8 52. Rf7+ Ke8 53. Ra7 Kf8 54. Rf7+ Ke8 55. g7 Rf1+ 56. Ke4 Re1+ 57. Kd4
Rd1+ 58. Ke5 Rg1 1-0

[Event "XVII Open A"]
[Site "Crema ITA"]
[Date "2016.09.04"]
[Round "5"]
[White "Olivetti, Davide"]
[Black "Ventura, Franco"]
[WhiteElo "2140"]
[BlackElo "2075"]
[Result "1-0"]
[PlyCount "101"]
[EventDate "2016.09.02"]

1. e4 e5 2. Nf3 d6 3. d4 exd4 4. Nxd4 Nf6 5. Nc3 g6 6. Be3 Bg7 7. Qd2 O-O 8.
O-O-O Re8 9. f3 Nc6 10. h4 Nxd4 11. Bxd4 Be6 12. h5 c5 13. Be3 Qa5 14. hxg6
fxg6 15. Bh6 Bh8 16. Kb1 b5 17. Nd5 Qxd2 18. Nxf6+ Bxf6 19. Rxd2 Red8 20. Bxb5
Bxb2 21. Kxb2 Rab8 22. Rhd1 Rxb5+ 23. Ka1 Ra5 24. Rxd6 Rxa2+ 25. Kb1 Rb8+ 26.
Kc1 Rbb2 27. R1d2 Rb8 28. Rd8+ Rxd8 29. Rxd8+ Kf7 30. Rh8 Ra1+ 31. Kb2 Rg1 32.
Rxh7+ Ke8 33. Be3 Rxg2 34. Bxc5 Bf7 35. Rh8+ Kd7 36. Ra8 g5 37. Rxa7+ Ke6 38.
Ra6+ Kd7 39. Ra7+ Ke6 40. Ra6+ Ke5 41. Kc3 Bh5 42. Bd4+ Kf4 43. Rf6+ Kg3 44.
Be5+ Kf2 45. Bd4+ Kg3 46. Be5+ Kf2 47. Bd6 Bxf3 48. e5 Ke3 49. e6 Be4 50. e7
Rxc2+ 51. Kb3 1-0

[Event "XVII Open A"]
[Site "Crema ITA"]
[Date "2016.09.04"]
[Round "5"]
[White "Pedoni, Lorenzo"]
[Black "Bevilacqua, Maurizio"]
[WhiteElo "1947"]
[BlackElo "2052"]
[Result "0-1"]
[PlyCount "64"]
[EventDate "2016.09.02"]

1. c4 Nf6 2. Nc3 e6 3. Nf3 d5 4. cxd5 exd5 5. d4 Be7 6. Bg5 c6 7. Qc2 Nbd7 8.
e3 O-O 9. Bd3 Re8 10. O-O Nf8 11. Rab1 a5 12. a3 Ne4 13. Bxe7 Qxe7 14. b4 axb4
15. axb4 Ra3 16. Bxe4 dxe4 17. Nd2 Bf5 18. Nc4 Ra6 19. b5 cxb5 20. Rxb5 Rc8 21.
Qb3 Rac6 22. Rxb7 Qg5 23. Rb4 Bh3 24. g3 Qf5 25. f4 exf3 26. e4 Qd7 27. d5 Qa7+
28. Rf2 Rxc4 29. Rxc4 Qe3 30. Qd1 Rxc4 31. Na2 Rc2 32. Qxf3 Qe1+ 0-1

[Event "XVII Open A"]
[Site "Crema ITA"]
[Date "2016.09.04"]
[Round "5"]
[White "Piccirillo, Edoardo"]
[Black "Candura, Stefano"]
[WhiteElo "2078"]
[BlackElo "1960"]
[Result "1-0"]
[PlyCount "67"]
[EventDate "2016.09.02"]

1. e4 e6 2. d3 d5 3. Nd2 Nf6 4. Ngf3 Bc5 5. e5 Nfd7 6. d4 Bb6 7. b4 a5 8. b5 c5
9. c3 f6 10. Bd3 fxe5 11. dxe5 O-O 12. O-O c4 13. Bc2 Nc5 14. Ba3 Bd7 15. Nd4
Qg5 16. N2f3 Qh5 17. Qe2 Rf4 18. Bc1 Rf8 19. h3 h6 20. Kh2 Be8 21. g4 Qf7 22.
g5 Qh5 23. Rg1 Kh8 24. Rg4 Nbd7 25. gxh6 g6 26. Rh4 Qxh4 27. Nxh4 Kh7 28. Nxg6
Bxg6 29. Bxg6+ Kxg6 30. Qg4+ Kf7 31. Qg7+ Ke8 32. h7 Rxf2+ 33. Kg1 Rf7 34.
h8=Q+ 1-0

[Event "XVII Open A"]
[Site "Crema ITA"]
[Date "2016.09.04"]
[Round "5"]
[White "Ranfagni, Stefano"]
[Black "Nordio, Giorgio"]
[WhiteElo "1956"]
[BlackElo "1923"]
[Result "1-0"]
[PlyCount "123"]
[EventDate "2016.09.02"]

1. c4 Nf6 2. Nc3 c6 3. e4 d5 4. cxd5 cxd5 5. e5 Nfd7 6. d4 e6 7. Bd3 Nc6 8. Nf3
Be7 9. O-O O-O 10. a3 a6 11. Qc2 h6 12. Be3 Na7 13. Rac1 b5 14. Qd2 f5 15. exf6
Rxf6 16. Bb1 Bd6 17. Qd3 Qf8 18. Nh4 Bb7 19. Qh7+ Kf7 20. Bg6+ Ke7 21. Bxh6 Qh8
22. Qxh8 Rxh8 23. Bg5 Bf4 24. Bxf4 Rxf4 25. Nf3 Nc6 26. Ne2 Rf6 27. Bd3 Kd6 28.
Rfe1 Rhf8 29. Bb1 e5 30. dxe5+ Ndxe5 31. Nxe5 Nxe5 32. f3 Nc4 33. Rc2 Re6 34.
Rec1 Rfe8 35. Kf2 Ne3 36. Nd4 Nxc2 37. Nxe6 Rxe6 38. Bxc2 Re7 39. Re1 Rxe1 40.
Kxe1 Kc5 41. Kd2 Kc4 42. g4 g5 43. Bd1 Kd4 44. Be2 Bc6 45. f4 gxf4 46. Bf3 Be8
47. h4 Bg6 48. h5 Bb1 49. g5 a5 50. g6 b4 51. g7 Bh7 52. axb4 axb4 53. h6 Ke5
54. Bh5 Kf6 55. Ke2 d4 56. Kf3 Kg5 57. Bf7 Kxh6 58. g8=Q Bxg8 59. Bxg8 Kg5 60.
Bc4 Kf5 61. Bd3+ Ke5 62. b3 1-0

[Event "XVII Open A"]
[Site "Crema ITA"]
[Date "2016.09.04"]
[Round "5"]
[White "Ventura, Salvatore"]
[Black "Mrdja, Milan"]
[WhiteElo "2095"]
[BlackElo "2303"]
[Result "0-1"]
[PlyCount "68"]
[EventDate "2016.09.02"]

1. c4 e6 2. g3 d5 3. Bg2 Nf6 4. Nf3 Be7 5. O-O O-O 6. b3 c6 7. Bb2 Nbd7 8. d3
b6 9. Nbd2 Bb7 10. Qc2 Rc8 11. Rad1 b5 12. e4 Qa5 13. e5 Ne8 14. Rfe1 Nc7 15.
h4 Rfd8 16. Ng5 bxc4 17. dxc4 Nf8 18. Bc3 Qb6 19. Ndf3 h6 20. Nh3 Na6 21. h5
Nb4 22. Qb1 a5 23. Rd4 dxc4 24. bxc4 Rxd4 25. Bxd4 Qc7 26. a3 c5 27. axb4 cxd4
28. bxa5 Bxf3 29. Bxf3 Qxa5 30. Be2 Qxe5 31. Qb5 Bc5 32. Qb2 Nd7 33. Qd2 Qd6
34. Bd3 Bb4 0-1

[Event "XVII Open A"]
[Site "Crema ITA"]
[Date "2016.09.04"]
[Round "5"]
[White "Vuelban, Virgilio"]
[Black "Giretti, Kanev Jasen"]
[WhiteElo "2306"]
[BlackElo "2237"]
[Result "0-1"]
[PlyCount "49"]
[EventDate "2016.09.02"]

1. d4 Nf6 2. c4 e6 3. Nc3 d5 4. Nf3 Be7 5. Bf4 O-O 6. e3 c6 7. Bd3 Na6 8. c5 b6
9. Qa4 b5 10. Qd1 Nb4 11. Bb1 Nd7 12. h4 Re8 13. a3 Na6 14. Bxh7+ Kxh7 15. Ng5+
Kg8 16. Qh5 Nf6 17. Qxf7+ Kh8 18. Be5 Rf8 19. Qg6 Qe8 20. Qc2 Qh5 21. f3 b4 22.
Na4 b3 23. Qd3 Nd7 24. Nxe6 Nxe5 25. dxe5 0-1

[Event "XVII Open A"]
[Site "Crema ITA"]
[Date "2016.09.04"]
[Round "6"]
[White "Asperti, Giovanni"]
[Black "Corti, Massimo"]
[WhiteElo "1896"]
[BlackElo "1931"]
[Result "1-0"]
[PlyCount "77"]
[EventDate "2016.09.02"]

1. e4 e6 2. d4 d5 3. Nc3 Nc6 4. e5 a6 5. Nce2 f6 6. exf6 Nxf6 7. Nf3 Bd6 8. Bf4
O-O 9. g3 Ne4 10. Bg2 Bxf4 11. Nxf4 g5 12. Nd3 Qf6 13. c3 g4 14. Nfe5 Nxf2 15.
Nxg4 Nxd3+ 16. Qxd3 Qg5 17. Ne3 Bd7 18. O-O-O Be8 19. h4 Qh6 20. h5 Qg5 21. g4
h6 22. Rhf1 Bf7 23. Qd2 Kg7 24. Rf2 Bg8 25. Rdf1 Bh7 26. Rxf8 Rxf8 27. Rxf8
Kxf8 28. Bf1 Be4 29. Bd3 Bxd3 30. Qxd3 Nd8 31. Kd2 Kg7 32. c4 Nf7 33. cxd5 exd5
34. Qb3 c6 35. Qxb7 Qf4 36. Kd3 Qe4+ 37. Ke2 Kf8 38. Qxc6 Qxd4 39. Qc8+ 1-0

[Event "XVII Open A"]
[Site "Crema ITA"]
[Date "2016.09.04"]
[Round "6"]
[White "Bevilacqua, Maurizio"]
[Black "Bossi, Alessandro"]
[WhiteElo "2052"]
[BlackElo "2014"]
[Result "1-0"]
[PlyCount "101"]
[EventDate "2016.09.02"]

1. d4 d5 2. Nf3 Nf6 3. e3 Bf5 4. c4 c6 5. Nc3 e6 6. Nh4 Be4 7. f3 Bg6 8. Nxg6
hxg6 9. Bd3 Bd6 10. f4 Bb4 11. Qf3 c5 12. a3 Ba5 13. O-O cxd4 14. Nb5 Nc6 15.
b4 Bc7 16. Bb2 dxc4 17. Bxc4 dxe3 18. Rad1 Qe7 19. Be2 O-O 20. Nxc7 Qxc7 21.
Qxe3 Nd5 22. Qf2 Qb6 23. Rc1 Qxf2+ 24. Rxf2 Rac8 25. g4 Nce7 26. Rxc8 Rxc8 27.
Bd4 Rc1+ 28. Kg2 Nc6 29. Bb2 Rc2 30. Be5 Ra2 31. Bd6 a6 32. Bf3 Ne3+ 33. Kg3
Rxf2 34. Kxf2 Nc4 35. Bc5 Nxa3 36. Ke2 f6 37. Kd3 Kf7 38. Kc3 f5 39. g5 Nb5+
40. Kc4 Na3+ 41. Kb3 Nb5 42. Kc4 Nc7 43. Bd6 Ne8 44. Bc5 b5+ 45. Kc3 Nd8 46.
Kd4 e5+ 47. Kxe5 Nc7 48. Bd6 Nde6 49. Bxc7 Nxc7 50. Kd6 Ne8+ 51. Kd7 1-0

[Event "XVII Open A"]
[Site "Crema ITA"]
[Date "2016.09.04"]
[Round "6"]
[White "Capitelli, Paolo"]
[Black "Borin, Fabio"]
[WhiteElo "2080"]
[BlackElo "2119"]
[Result "1/2-1/2"]
[PlyCount "72"]
[EventDate "2016.09.02"]

1. e4 b6 2. d4 Bb7 3. Nd2 g6 4. Bd3 Bg7 5. Ne2 Nc6 6. c3 e5 7. d5 Nce7 8. Nc4
d6 9. Bc2 Ba6 10. Bd3 Qc8 11. Ne3 Bxd3 12. Qxd3 Nf6 13. Bd2 Bh6 14. Ng3 Bf4 15.
O-O-O h5 16. Ne2 Bxe3 17. Bxe3 Ng4 18. f4 Nxe3 19. Qxe3 Qg4 20. fxe5 dxe5 21.
h3 Qh4 22. Rdf1 Nc8 23. g3 Qe7 24. g4 Nd6 25. b3 a5 26. Qd3 hxg4 27. hxg4 Qg5+
28. Qd2 Qxd2+ 29. Kxd2 Ke7 30. Ke3 a4 31. b4 Rxh1 32. Rxh1 Kf6 33. Ng1 Kg5 34.
Nf3+ Kxg4 35. Nxe5+ Kg5 36. Nf3+ Kg4 1/2-1/2

[Event "XVII Open A"]
[Site "Crema ITA"]
[Date "2016.09.04"]
[Round "6"]
[White "Giretti, Kanev Jasen"]
[Black "Malfagia, Andrea"]
[WhiteElo "2237"]
[BlackElo "2159"]
[Result "1/2-1/2"]
[PlyCount "46"]
[EventDate "2016.09.02"]

1. d4 Nf6 2. c4 e6 3. Nf3 d5 4. Nc3 c6 5. cxd5 exd5 6. Bg5 Nbd7 7. e3 Be7 8.
Bd3 O-O 9. Qc2 Re8 10. O-O Nf8 11. h3 Nh5 12. Bxe7 Rxe7 13. b4 g6 14. a4 Ng7
15. b5 Bf5 16. bxc6 bxc6 17. Rfc1 Nfe6 18. a5 Rc8 19. g4 Bxd3 20. Qxd3 Ne8 21.
Qa6 c5 22. Nb5 N8c7 23. Nxc7 Rcxc7 1/2-1/2

[Event "XVII Open A"]
[Site "Crema ITA"]
[Date "2016.09.04"]
[Round "6"]
[White "Guanciale, Orazio"]
[Black "Ranfagni, Stefano"]
[WhiteElo "2153"]
[BlackElo "1956"]
[Result "1-0"]
[PlyCount "83"]
[EventDate "2016.09.02"]

1. e4 e6 2. d4 d5 3. e5 c5 4. c3 Nc6 5. Nf3 Bd7 6. Be2 Nge7 7. Na3 cxd4 8. cxd4
Nf5 9. Nc2 Rc8 10. O-O Be7 11. a4 a6 12. Bd3 Na5 13. Bxf5 exf5 14. Ne3 Be6 15.
Qd3 Qd7 16. g3 g5 17. Ng2 h6 18. Bd2 Nc4 19. Bc3 f4 20. Rfc1 Bf5 21. Qd1 Be4
22. b3 Qg4 23. Nge1 fxg3 24. bxc4 gxh2+ 25. Kxh2 Qh5+ 26. Kg1 g4 27. Nh2 Rg8
28. Ng2 Bf3 29. Qf1 Bg5 30. cxd5 g3 31. Nxf3 Qxf3 32. Bd2 Rd8 33. Bxg5 Rxg5 34.
d6 h5 35. fxg3 Qxg3 36. Rc7 Rg7 37. Rac1 h4 38. d7+ Rxd7 39. Rc8+ Rd8 40. Rxd8+
Kxd8 41. Qf6+ Kd7 42. Qd6+ 1-0

[Event "XVII Open A"]
[Site "Crema ITA"]
[Date "2016.09.04"]
[Round "6"]
[White "Mrdja, Milan"]
[Black "Botta, Massimiliano"]
[WhiteElo "2303"]
[BlackElo "2065"]
[Result "1/2-1/2"]
[PlyCount "51"]
[EventDate "2016.09.02"]

1. e4 e5 2. Nf3 Nc6 3. Bb5 f5 4. Qe2 fxe4 5. Qxe4 Nf6 6. Qe2 Be7 7. Bxc6 dxc6
8. d3 O-O 9. h3 Bd6 10. Nc3 Qe8 11. Bd2 Nd5 12. O-O-O Nf4 13. Bxf4 exf4 14. Ne4
Be6 15. Rhe1 Bd5 16. c4 Bf7 17. Qd2 Qd7 18. c5 Be7 19. Ne5 Qd5 20. Nc4 Bxc5 21.
Nxc5 Qxc5 22. b3 a5 23. d4 Qb5 24. Re5 Bd5 25. Nb2 Qb4 26. f3 1/2-1/2

[Event "XVII Open A"]
[Site "Crema ITA"]
[Date "2016.09.04"]
[Round "6"]
[White "Nicolodi, Raoul"]
[Black "Castrogiovanni, Carlo"]
[WhiteElo "2030"]
[BlackElo "1947"]
[Result "1/2-1/2"]
[PlyCount "91"]
[EventDate "2016.09.02"]

1. Nf3 d5 2. c4 c6 3. e3 Nf6 4. Qc2 Bg4 5. Ne5 Bh5 6. cxd5 Nxd5 7. Nc3 e6 8. g4
Bg6 9. Nxg6 hxg6 10. d4 Bd6 11. Nxd5 exd5 12. h3 Nd7 13. Bd2 Qf6 14. Bg2 Nb6
15. Bc3 O-O-O 16. O-O-O Kb8 17. Kb1 Qe7 18. e4 dxe4 19. Bxe4 Bb4 20. Rhe1 Bxc3
21. Qxc3 Qc7 22. Bg2 Nd5 23. Qg3 Rd7 24. Bxd5 Rxd5 25. Re7 Qxg3 26. fxg3 Rf8
27. Rf1 Rxd4 28. Rfxf7 Rxf7 29. Rxf7 Rd3 30. Rxg7 Rxg3 31. Rxg6 Rxh3 32. Rg7 a5
33. g5 Ka7 34. g6 Rg3 35. Kc2 Kb6 36. Rg8 Kc5 37. b3 b5 38. a3 a4 39. bxa4 bxa4
40. g7 Kc4 41. Ra8 Rg2+ 42. Kd1 Rxg7 43. Rxa4+ Kb3 44. Ra5 Rc7 45. Kd2 c5 46.
Rb5+ 1/2-1/2

[Event "XVII Open A"]
[Site "Crema ITA"]
[Date "2016.09.04"]
[Round "6"]
[White "Nordio, Giorgio"]
[Black "Candura, Stefano"]
[WhiteElo "1923"]
[BlackElo "1960"]
[Result "1/2-1/2"]
[PlyCount "103"]
[EventDate "2016.09.02"]

1. c4 e6 2. g3 d5 3. Nf3 Nf6 4. b3 b6 5. Bb2 Bb7 6. Bg2 Nbd7 7. O-O Be7 8. d4
O-O 9. e3 dxc4 10. bxc4 c5 11. Nbd2 Qc7 12. Rc1 Rac8 13. Qb3 Rfd8 14. Rfd1 Qb8
15. a4 Qa8 16. a5 bxa5 17. Bc3 Ne4 18. Nxe4 Bxe4 19. Ne1 Bxg2 20. Nxg2 a4 21.
Qxa4 Nb6 22. Qa2 h6 23. Ba5 Qe4 24. Bxb6 axb6 25. Qa7 Bf6 26. dxc5 Rxd1+ 27.
Rxd1 bxc5 28. Qa6 Ra8 29. Qb5 Qc2 30. Rf1 Qf5 31. Nf4 Bc3 32. Qb1 Qxb1 33. Rxb1
Bb4 34. Kf1 Kf8 35. Nd3 Ra4 36. Ke2 Ke7 37. Kd1 Kd6 38. Ke2 e5 39. e4 g6 40. f4
f6 41. Rb2 g5 42. fxe5+ fxe5 43. Rc2 Ra1 44. Nf2 h5 45. Nd1 g4 46. Ne3 Ke6 47.
Nd5 Re1+ 48. Kd3 Rd1+ 49. Ke3 Rd4 50. Nc7+ Kd7 51. Nd5 Ke6 52. Nc7+ 1/2-1/2

[Event "XVII Open A"]
[Site "Crema ITA"]
[Date "2016.09.04"]
[Round "6"]
[White "Pirrello, Christian"]
[Black "Distratis, Gianluca"]
[WhiteElo "1936"]
[BlackElo "1903"]
[Result "1-0"]
[PlyCount "69"]
[EventDate "2016.09.02"]

1. d4 Nf6 2. c4 g6 3. Nc3 Bg7 4. e4 d6 5. f3 O-O 6. Be3 Nc6 7. Bd3 a6 8. Nge2
Rb8 9. O-O e5 10. Qd2 exd4 11. Nxd4 Ne5 12. Be2 Re8 13. Rfd1 Be6 14. Nxe6 Rxe6
15. Rac1 c6 16. c5 d5 17. exd5 cxd5 18. Nxd5 Nxd5 19. Qxd5 Qxd5 20. Rxd5 Nxf3+
21. Bxf3 Rxe3 22. Kf2 Rbe8 23. Rc2 Bh6 24. Rd7 R3e5 25. b4 Be3+ 26. Kf1 g5 27.
Rxb7 h5 28. h3 Rf5 29. Rc4 a5 30. c6 h4 31. c7 Kg7 32. c8=Q Ree5 33. Rb8 Bd2
34. Qh8+ Kg6 35. Rg8# 1-0

[Event "XVII Open A"]
[Site "Crema ITA"]
[Date "2016.09.04"]
[Round "6"]
[White "Rifai, Abdulkader"]
[Black "Ficco, Corrado"]
[WhiteElo "2205"]
[BlackElo "2041"]
[Result "1/2-1/2"]
[PlyCount "143"]
[EventDate "2016.09.02"]

1. e4 c5 2. Nf3 Nc6 3. Bb5 Na5 4. O-O a6 5. Be2 e6 6. b3 d6 7. Bb2 Nf6 8. e5
dxe5 9. Nxe5 Be7 10. Bf3 Qc7 11. c4 O-O 12. d4 cxd4 13. Qxd4 Rd8 14. Qc3 Bd7
15. Nxd7 Rxd7 16. Nd2 Rad8 17. Rad1 Nc6 18. Ne4 Rxd1 19. Rxd1 Rxd1+ 20. Bxd1 e5
21. Ng3 Qd7 22. Bc2 g6 23. a3 Qd4 24. Ne2 Qxc3 25. Nxc3 Nd4 26. Bd1 Kf8 27. Kf1
Ke8 28. b4 Kd7 29. Ke1 h5 30. h3 a5 31. bxa5 Bd8 32. Ba4+ Ke7 33. Kd2 Bxa5 34.
Kd3 Bb6 35. Bc1 Ne6 36. Ke2 Nd4+ 37. Kd3 Ne6 38. Ke2 Nd4+ 39. Kf1 Ke6 40. Bg5
Ba5 41. Bd2 Bb6 42. Bd1 Bc5 43. a4 Nd7 44. Ne4 f5 45. Nxc5+ Nxc5 46. Be3 b6 47.
Ke1 Kd6 48. f3 Nce6 49. Kd2 Kc5 50. Kc3 Nf4 51. g3 Nfe6 52. f4 Kd6 53. g4 hxg4
54. hxg4 fxg4 55. fxe5+ Kxe5 56. Bxg4 g5 57. Bxe6 Nxe6 58. Bxb6 Kd6 59. Kb4 Kc6
60. Be3 g4 61. a5 Kb7 62. Kb5 Nc7+ 63. Kc5 g3 64. Kd6 Na6 65. Ke5 g2 66. Ke4
Nb8 67. Kd5 Na6 68. Bg1 Nc7+ 69. Ke4 Ka6 70. Bb6 Na8 71. Bg1 Kxa5 72. Kf3
1/2-1/2

[Event "XVII Open A"]
[Site "Crema ITA"]
[Date "2016.09.04"]
[Round "6"]
[White "Rossini, Fulvio"]
[Black "Ventura, Salvatore"]
[WhiteElo "1989"]
[BlackElo "2095"]
[Result "0-1"]
[PlyCount "104"]
[EventDate "2016.09.02"]

1. e4 c5 2. Nc3 a6 3. d3 Nc6 4. g3 b5 5. Bg2 Bb7 6. Nf3 e6 7. O-O Qc7 8. d4
cxd4 9. Nxd4 Nf6 10. Re1 d6 11. Bg5 Nxd4 12. Qxd4 Be7 13. Qd3 O-O 14. a3 h6 15.
Bf4 Nd7 16. Rad1 Nc5 17. Qe2 Rfd8 18. Qh5 Nd7 19. Rd2 Nb6 20. Rd3 Nc4 21. Bc1
Rac8 22. g4 Qc5 23. Qxc5 Rxc5 24. f4 Rdc8 25. Nd1 R5c7 26. c3 g5 27. Rh3 gxf4
28. Bxf4 Bg5 29. Bxg5 hxg5 30. Rd3 Rd7 31. h3 Kf8 32. Re2 Ke7 33. Ne3 Ne5 34.
Rd1 Ng6 35. Nf1 Nf4 36. Ree1 Rc5 37. Ng3 Rc4 38. Bf1 Rc5 39. Bg2 Rd8 40. Re3
Re5 41. Rde1 Nxg2 42. Kxg2 f5 43. gxf5 exf5 44. R3e2 Rf8 45. Kg1 f4 46. Nh1 Kd7
47. Nf2 Rfe8 48. Kf1 Kc7 49. b4 R8e7 50. Kg2 d5 51. Kf3 dxe4+ 52. Kg4 Bc8+ 0-1

[Event "XVII Open A"]
[Site "Crema ITA"]
[Date "2016.09.04"]
[Round "6"]
[White "Tahiraj, Almir"]
[Black "Pedoni, Lorenzo"]
[WhiteElo "1906"]
[BlackElo "1947"]
[Result "0-1"]
[PlyCount "81"]
[EventDate "2016.09.02"]

1. f4 Nf6 2. Nf3 c5 3. e3 d5 4. d4 Bf5 5. c3 Nc6 6. Qb3 Rb8 7. Ne5 c4 8. Qd1 e6
9. Nd2 Nxe5 10. fxe5 Ne4 11. Qa4+ b5 12. Qxa7 Be7 13. a4 O-O 14. a5 Bh4+ 15. g3
Bg5 16. Nxe4 Bxe4 17. Rg1 g6 18. Bh3 f5 19. Bd2 Qc8 20. Qc5 Qxc5 21. dxc5 Be7
22. Kf2 Bxc5 23. a6 Bc2 24. Bf1 Ra8 25. Be2 Ba4 26. Bd1 Rxa6 27. Bxa4 bxa4 28.
Ra2 f4 29. Ke2 fxg3 30. hxg3 Rf5 31. Rga1 Rxe5 32. Rxa4 Rxa4 33. Rxa4 Re4 34.
Ra5 Bd6 35. Kf3 h5 36. Be1 Kh7 37. Ra6 Bc5 38. Bf2 Kh6 39. Rc6 Be7 40. Rc7 Bf6
41. Rc6 0-1

[Event "XVII Open A"]
[Site "Crema ITA"]
[Date "2016.09.04"]
[Round "6"]
[White "Ventura, Franco"]
[Black "Piccirillo, Edoardo"]
[WhiteElo "2075"]
[BlackElo "2078"]
[Result "0-1"]
[PlyCount "86"]
[EventDate "2016.09.02"]

1. d4 d5 2. Nf3 e6 3. c4 c6 4. e3 Bd6 5. Nbd2 f5 6. g3 Nf6 7. Bg2 Nbd7 8. Qc2
Ne4 9. O-O O-O 10. b3 Qf6 11. Bb2 g5 12. Ne1 g4 13. Nd3 h5 14. Nf4 Qh6 15. f3
Nxd2 16. Qxd2 Nf6 17. Rad1 Bd7 18. Bc3 Rf7 19. Rfe1 Rh7 20. Qf2 Rf8 21. Bd2 Qg7
22. Nd3 gxf3 23. Bxf3 h4 24. Nf4 Kf7 25. Kf1 Rfh8 26. Ke2 hxg3 27. hxg3 Rh2 28.
Bg2 Ne4 29. Qf3 dxc4 30. bxc4 Bxf4 31. exf4 Qxd4 32. Rg1 Qxc4+ 33. Ke1 Qxa2 34.
Qd3 Qd5 35. Be3 Qxd3 36. Rxd3 Nf6 37. Bd4 Rd8 38. Bxa7 Ra8 39. Bd4 Nd5 40. Bb2
Ra2 41. Rb3 b5 42. Kf1 c5 43. Be5 b4 0-1

[Event "XVII Open A"]
[Site "Crema ITA"]
[Date "2016.09.04"]
[Round "6"]
[White "Vuelban, Virgilio"]
[Black "Olivetti, Davide"]
[WhiteElo "2306"]
[BlackElo "2140"]
[Result "0-1"]
[PlyCount "104"]
[EventDate "2016.09.02"]

1. c4 g6 2. Nc3 Bg7 3. Nf3 Nf6 4. g3 O-O 5. Bg2 c5 6. d4 cxd4 7. Nxd4 Qc7 8.
Nd5 Nxd5 9. cxd5 d6 10. O-O Bd7 11. Be3 Na6 12. Qd2 Rfc8 13. h4 Qd8 14. h5 Rc4
15. hxg6 hxg6 16. b3 Rc7 17. Rad1 Rac8 18. f4 f5 19. Bf2 Nc5 20. Qe3 Bf6 21. b4
Na6 22. Ne6 Bxe6 23. Qxe6+ Kg7 24. Bxa7 Rc3 25. g4 Nc7 26. Bb6 Nxe6 27. Bxd8
Nxd8 28. g5 Bxg5 29. fxg5 R8c4 30. e4 fxe4 31. Rde1 Nf7 32. Bxe4 Ne5 33. Bg2
Rg4 34. Re2 Rxg5 35. Rf4 Rc1+ 36. Rf1 Rc4 37. Rb1 Rg3 38. a4 Ra3 39. a5 Ra4 40.
Re4 Rc2 41. Rf1 Raa2 42. Bh3 Rab2 43. Rff4 Rc1+ 44. Bf1 Rcc2 45. b5 g5 46. Rf5
Kg6 47. Rexe5 dxe5 48. Rxe5 Rc1 49. Re6+ Kf7 50. Re5 Rxb5 51. Rxg5 Rxa5 52. Kg2
Ra2+ 0-1